000
00290 a2200121 4500
001
12601
082
_a
515.3521 KUZ
090
_c
9612
_d
9612
100
_a
Kuzmin,G.A
245
_a
Boundary value problems for transient flow
260
_a
NY
_b
John Wiley
_c
2002
300
_a
xii, 304 p.
942
_a
NUST-CAE
_k
515.3521 KUZ
999
_c
247674
_d
247674